The cat who saved the library /

"A chronic asthma condition prevents thirteen-year-old Nanami from playing sports or spending time with her friends after school. But nothing can stop her from one of her favorite activities. Nanami loves to read and happily spends much of her free time in the library, cocooned among the stacks...

Full description

Bibliographic Details
Main Author: Natsukawa, Sōsuke, 1978- (Author)
Other Authors: Kawai, Louise Heal (Translator)
Format: Book
Language:English
Japanese
Published: London : Picador, ©2025.
Series:Cat who ; 2
Subjects:
Classic Catalogue: View this record in Classic Catalogue
LEADER 02926nam a2200517 i 4500
001 44794
003 BD-DhAAL
005 20250922104717.0
008 250915t20252025enk e 000 f eng d
010 |a  2025935876 
020 |a 9781035050604 (HB) 
020 |a 9780063419247 
020 |a 0063419246 
020 |a 9781035050642 (PB) 
035 |a (OCoLC)1511475228 
040 |a NjBwBT  |b eng  |e rda  |c MZC  |d OCLCO  |d YU6  |d JST  |d RNL  |d OCLCQ  |d IUK  |d VP@  |d ZGR  |d FAYTV  |d JQM  |d KYC  |d MNN  |d CQC  |d DLC  |d BD-DhAAL 
041 1 |a eng  |h jpn 
042 |a lccopycat 
043 |a a-ja--- 
050 1 4 |a PL873.5.A87  |b H6713 2025 
082 0 4 |a 895.636  |2 23 
100 1 |a Natsukawa, Sōsuke,  |d 1978-  |e author.  |9 59326 
245 1 4 |a The cat who saved the library /  |c Sosuke Natsukawa ; translated by Louise Heal Kawai. 
260 |a London :  |b Picador,  |c ©2025. 
300 |a 212 pages ;  |c 22 cm. 
490 0 |a Cat who ;  |v 2 
500 |a "Originally published in Japan in 2024 by Shogakukan, Inc." -- Title page verso. 
500 |a Japanese fiction Translations into English 
505 0 |a How it all began -- The one who walks beside us -- The one who was created -- The one who proliferates -- The one who questions -- How it all ended. 
520 |a "A chronic asthma condition prevents thirteen-year-old Nanami from playing sports or spending time with her friends after school. But nothing can stop her from one of her favorite activities. Nanami loves to read and happily spends much of her free time in the library, cocooned among the stacks. Then one day, Nanami notices that, despite the library being as deserted as ever, some of her favorite books...are disappearing from the shelves. When she alerts the library staff, they dismiss her concerns...That's when Tiger, the talking tabby cat who saves books, comes to the rescue. Are Nanami and Tiger prepared to face the dangerous challenges that lie ahead? Why are faceless gray soldiers burning books in a stone castle?"-- 
541 |a Donated by Farhana Zahir (Assistant Professor, BBS, BRAC University)  |e 44794 
650 0 |a Teenage girls  |v Fiction.  |9 5887 
650 0 |a Cats  |v Fiction.  |9 58685 
650 0 |a Libraries  |v Fiction.  |9 59327 
650 0 |a Books and reading  |v Fiction.  |9 28515 
650 0 |a Lost articles  |v Fiction.  |9 59328 
655 7 |a Animal fiction.  |9 59329 
655 7 |a Fantasy fiction. 
655 7 |a Magic realist fiction.  |9 58677 
655 7 |a Novels. 
655 7 |a Romans.  |9 58679 
700 1 |a Kawai, Louise Heal,  |e translator.  |9 59330 
852 |a Ayesha Abed Library  |c General Stacks 
942 |2 ddc  |c BK 
999 |c 47539  |d 47539 
952 |0 0  |1 0  |2 ddc  |4 0  |6 895_636000000000000_NAT  |7 0  |9 78193  |a BRACUL  |b BRACUL  |c NEW  |d 2025-09-15  |e Donated by Farhana Zahir Assistant Professor BBS, BRAC University.  |g 2067.80  |l 4  |m 28  |o 895.636 NAT  |p 3010044794  |q 2026-05-20  |r 2026-05-13  |s 2026-05-13  |t 1  |v 4135.00  |y BK  |x Donated by Farhana Zahir Assistant Professor BBS, BRAC University. £16.99